Statistiques concernant Plus grandes villes de Bretagne

Cliquez ici pour prendre le quiz!

Statistiques générales

  • Ce quiz a été pris 331 fois
  • Le résultat moyen est 10 sur 15

Statistiques - réponses

DépartementVille% Correct
Ille-et-VilaineRennes
100%
FinistèreBrest
99%
FinistèreQuimper
96%
MorbihanVannes
93%
MorbihanLorient
92%
Côtes d'ArmorSaint-Brieuc
86%
Ille-et-VilaineSaint-Malo
86%
FinistèreConcarneau
56%
Ille-et-VilaineFougères
55%
FinistèreMorlaix
55%
Côtes d'ArmorLannion
53%
Ille-et-VilaineVitré
37%
MorbihanLanester
33%
FinistèreDouarnenez
32%
MorbihanPloemeur
19%

Distribution des résultats

Percentile par nombre de réponses

% des personnes avec chaque résultat

Votre développement - résultats

Vous n’avez pas pris ce quiz